Các vấn đề cơ bản trong phẫu thuật tạo hình thẩm mỹ Phần III Đầu mặt cổ
Giới thiệu các kiến thức giải phẫu ngoại khoa ứng dụng các bộ phận của vùng đầu mặt cổ, đề cập những bệnh lý thường gặp trong phẫu thuật tạo hình thẩm mỹ, những phẩu thuật tạo hình phổ biến liên quan đến cơ quan da che phủ và khun...
Zapisane w:
| 1. autor: | |
|---|---|
| Kolejni autorzy: | |
| Format: | Książka |
| Język: | Vietnamese |
| Wydane: |
H.
Y học
2020
|
| Hasła przedmiotowe: | |
| Etykiety: |
Dodaj etykietę
Nie ma etykietki, Dołącz pierwszą etykiete!
|
| Thư viện lưu trữ: | Thư viện Trường Đại học Nam Cần Thơ |
|---|
| LEADER | 03032nam a22003257a 4500 | ||
|---|---|---|---|
| 001 | NCT_86296 | ||
| 008 | 201008b xxu||||| |||| 00| 0 vie d | ||
| 999 | |c 4256 |d 4256 | ||
| 020 | |a 9786046640592 |c 85000 | ||
| 082 | 0 | 4 | |2 23rd ed. |a 617.952 |b S464 |
| 100 | 1 | |a Trần Thiết Sơn |e Chủ biên | |
| 245 | 1 | 0 | |a Các vấn đề cơ bản trong phẫu thuật tạo hình thẩm mỹ |n Phần III |p Đầu mặt cổ |c Trần Thiết Sơn (Chủ biên) ; Nguyễn Huy Phan,...[et.al] (Biên soạn) |
| 260 | |a H. |b Y học |c 2020 | ||
| 300 | |a 246 tr. |b Minh họa |c 27cm | ||
| 500 | |a ĐTTS ghi: Trường Đại học Y Hà Nội. Bộ môn Phẫu thuật tạo hình | ||
| 520 | 3 | |a Giới thiệu các kiến thức giải phẫu ngoại khoa ứng dụng các bộ phận của vùng đầu mặt cổ, đề cập những bệnh lý thường gặp trong phẫu thuật tạo hình thẩm mỹ, những phẩu thuật tạo hình phổ biến liên quan đến cơ quan da che phủ và khung xương của vùng đầu mặt cổ, những quan điểm mới nhất liên quan đến các kỹ thuật tạo hình hiện đại được chú ý trong vòng vài thập kỷ gần đây. | |
| 653 | |a Y đa khoa | ||
| 700 | 1 | |a Nguyễn Huy Phan |e Biên soạn | |
| 942 | |2 ddc |c BK | ||
| 952 | |0 0 |1 0 |2 ddc |4 0 |6 617_952000000000000_S464 |7 0 |9 20554 |a 000001 |b 000001 |d 2020-10-08 |o 617.952 S464 |p MD.17878 |r 2020-10-08 |v 85000.00 |w 2020-10-08 |y BK | ||
| 952 | |0 0 |1 0 |2 ddc |4 0 |6 617_952000000000000_S464 |7 0 |9 20555 |a 000001 |b 000001 |d 2020-10-08 |o 617.952 S464 |p MD.17879 |r 2020-10-08 |v 85000.00 |w 2020-10-08 |y BK | ||
| 952 | |0 0 |1 0 |2 ddc |4 0 |6 617_952000000000000_S464 |7 0 |9 20556 |a 000001 |b 000001 |d 2020-10-08 |o 617.952 S464 |p MD.17880 |r 2020-10-08 |v 85000.00 |w 2020-10-08 |y BK | ||
| 952 | |0 0 |1 0 |2 ddc |4 0 |6 617_952000000000000_S464 |7 0 |9 20557 |a 000001 |b 000001 |d 2020-10-08 |o 617.952 S464 |p MD.17881 |r 2020-10-08 |v 85000.00 |w 2020-10-08 |y BK | ||
| 952 | |0 0 |1 0 |2 ddc |4 0 |6 617_952000000000000_S464 |7 0 |9 20558 |a 000001 |b 000001 |d 2020-10-08 |o 617.952 S464 |p MD.17882 |r 2020-10-08 |v 85000.00 |w 2020-10-08 |y BK | ||
| 952 | |0 0 |1 0 |2 ddc |4 0 |6 617_952000000000000_S464 |7 0 |9 20559 |a 000001 |b 000001 |d 2020-10-08 |o 617.952 S464 |p MD.17883 |r 2020-10-08 |v 85000.00 |w 2020-10-08 |y BK | ||
| 952 | |0 0 |1 0 |2 ddc |4 0 |6 617_952000000000000_S464 |7 0 |9 20560 |a 000001 |b 000001 |d 2020-10-08 |o 617.952 S464 |p MD.17884 |r 2020-10-08 |v 85000.00 |w 2020-10-08 |y BK | ||
| 952 | |0 0 |1 0 |2 ddc |4 0 |6 617_952000000000000_S464 |7 0 |9 20561 |a 000001 |b 000001 |d 2020-10-08 |o 617.952 S464 |p MD.17885 |r 2020-10-08 |v 85000.00 |w 2020-10-08 |y BK | ||
| 952 | |0 0 |1 0 |2 ddc |4 0 |6 617_952000000000000_S464 |7 0 |9 20562 |a 000001 |b 000001 |d 2020-10-08 |o 617.952 S464 |p MD.17886 |r 2020-10-08 |v 85000.00 |w 2020-10-08 |y BK | ||
| 952 | |0 0 |1 0 |2 ddc |4 0 |6 617_952000000000000_S464 |7 0 |9 20563 |a 000001 |b 000001 |d 2020-10-08 |o 617.952 S464 |p MD.17887 |r 2020-10-08 |v 85000.00 |w 2020-10-08 |y BK | ||
| 980 | |a Thư viện Trường Đại học Nam Cần Thơ | ||


